Sous la tente (Record no. 168085)
[ view plain ]
| 000 -LEADER | |
|---|---|
| campo de control de longitud fija | 00823nam a22002055i 4500 |
| 001 - NÚMERO DE CONTROL | |
| campo de control | 168085 |
| 003 - IDENTIFICADOR DE NÚMERO DE CONTROL | |
| campo de control | ES-MaACL |
| 005 - FECHA Y HORA DE LA ÚLTIMA TRANSACCIÓN | |
| campo de control | 20251003194220.0 |
| 008 - DATOS DE LONGITUD FIJA--INFORMACIÓN GENERAL | |
| campo de control de longitud fija | 040727s1863 fr af |||| | fre d |
| 040 ## - FUENTE DE CATALOGACIÓN | |
| Centro catalogador/agencia de origen | CAM |
| Lengua de catalogación | spa |
| Centro/agencia transcriptor | CAM |
| 100 1# - ENTRADA PRINCIPAL--NOMBRE DE PERSONA | |
| Nombre de persona | Yriarte, Charles ( |
| Fechas asociadas al nombre | 1833-1898) |
| 9 (RLIN) | 133995 |
| 245 10 - MENCIÓN DEL TÍTULO | |
| Título | Sous la tente |
| Resto del título | : souvenirs du Maroc, récits de guerre et de voyage / |
| Mención de responsabilidad, etc. | par Charles Yriarte ; illustrations de G.-L. Boulanger... [et al.]. |
| 260 ## - PUBLICACIÓN, DISTRIBUCIÓN, ETC. | |
| Lugar de publicación, distribución, etc. | Paris : |
| Nombre del editor, distribuidor, etc. | Morizot, |
| Fecha de publicación, distribución, etc. | 1863 ( |
| Fabricante | Imprimerie de P.-A. Bourdier et C.) |
| 300 ## - DESCRIPCIÓN FÍSICA | |
| Extensión | VIII, 316 p., [8] h. lám. ; |
| Dimensiones | 18 cm. |
| 650 04 - PUNTO DE ACCESO ADICIONAL DE MATERIA--TÉRMINO DE MATERIA | |
| Término de materia o nombre geográfico como elemento de entrada | Guerra hispano-marroquí, 1859-1860- |
| Subdivisión de forma | Relatos personales. |
| 9 (RLIN) | 13210 |
| 651 #4 - PUNTO DE ACCESO ADICIONAL DE MATERIA--NOMBRE GEOGRÁFICO | |
| Nombre geográfico | Marruecos- |
| Subdivisión general | Descripción. |
| 9 (RLIN) | 9025 |
| 700 1# - ENTRADA AGREGADA--NOMBRE PERSONAL | |
| Nombre de persona | Boulanger, Gustave, |
| Fechas asociadas al nombre | 1824-1888 |
| 9 (RLIN) | 126112 |
| 852 ## - LOCALIZACIÓN | |
| Ubicación | ES-MaACL |
| Número de control de estantería | G-10532 |
| Nota libre | -- Enc. hol. |
| Estatus retirado | Estado de pérdida | Estado de daño | No para préstamo | Colección | Biblioteca de origen | Biblioteca actual | Ubicación en estantería | Fecha de adquisición | Fuente de adquisición | Total de préstamos | Signatura topográfica completa | Código de barras | Visto por última vez | Precio de reemplazo | Tipo de ítem Koha |
|---|---|---|---|---|---|---|---|---|---|---|---|---|---|---|---|
| Libros del s. XIX | Biblioteca del Ateneo de Madrid | Biblioteca del Ateneo de Madrid | Sala Pecera Planta 3 | 17/01/2008 | G-10532 | 1176358 | 23/02/2023 | 23/02/2023 | Libro impreso antiguo |
